000 00474nmm a2200157Ia 4500
008 251105s9999||||xx |||||||||||||||||und||
041 _aspa
100 _aDélano, Poli
245 0 _aHermosas bestias salvajes
264 _a[Santiago de Chile, Chile] :
_bMago Editores,
_c2012
300 _a98 páginas
490 _aEscritores Chilenos y Latinoamericanos
650 _aLatin American narrative
856 _uhttps://public.digitaliapublishing.com/a/33389
942 _cCF
999 _c99292
_d99292